000 00249nam a22000977a 4500
999 _c10401
_d10401
008 180216b ||||| |||| 00| 0 eng d
020 _a9798173548795
100 _aGhosh,S.etal.
_92506
245 _aCosmos Zetabyte Computer-VI
260 _aNew Delhi
_bAPC